000 00412nam a2200181Ia 4500
001 17159
005 20260306170404.0
008 260306t2008||||xx |||||||||||||| ||und||
041 _aESP
082 _a657.48
_bE76
100 _aEscarpulli Montoya, Abel
_eAUT
245 0 _aContabilidad financiera
260 _c2008
300 _a
_c28 cm.
650 _aGEN
654 _aCCO
942 _cLIB
_dJUS
_fJUS
_2ddc
_n
999 _c17159
_d17159